Statistiques concernant Les 20 reseaux sociaux les plus populaires de france

Cliquez ici pour prendre le quiz!

Statistiques générales

  • Ce quiz a été pris 736 fois
  • Le résultat moyen est 8 sur 20

Statistiques - réponses

ClassementRéseau social% Correct
5Instagram
99%
1Facebook
97%
8Snapchat
94%
3Twitter
92%
7Tiktok
89%
2Youtube
74%
16Whatsapp
72%
6Pinterest
48%
4Linkedin
42%
15Twitch
40%
14Reddit
23%
13Dailymotion
16%
19Wechat
8%
17Line
5%
10Periscope
5%
12Vimeo
5%
11Flickr
3%
20Qzone
2%
9Soundcloud
2%
18Tencet QQ
0%

Distribution des résultats

Percentile par nombre de réponses

% des personnes avec chaque résultat

Votre développement - résultats

Vous n’avez pas pris ce quiz